000 00534nam a22001937a 4500
005 20251216144635.0
010 _aENG-147310
020 _c250.00
_a9788119524259
035 _aEN-130842
037 _bDBAD
082 _aS
_21
100 _aLovecraft, H.P
_986110
245 _aThe Shunned House and Other Stories/
_cH.P Lovecraft
250 _a1
260 _aKolkata
_bExceller Books
_c2023
270 _aG1 Dream Apartment, Degree College Road
_b Belgharia,Kolkata
300 _a167p.
_c20cm(pbk)
942 _2ddc
_cEN
_mLOV
_hS
999 _c213942
_d213942